000 00308nam a2200169Ia 4500
100 _aKanetkar/ Yashavant
650 _aJava
942 _cBK
366 _f20
654 _ajava
245 _aLet us Java
260 _bBPB
_c2021
082 _bKAN
300 _a468
546 _aENGLISH
999 _c19047
_d19047